1528 1611 1460 1497 1703 1758 1198 1005 1094 1392 1645 1499 1848 1434 1281 1797 1889 1783 1484 1834 1598 1825 1868 1512 1310 1763 1558 1077 1139 1198 1180 1229 1402 1416 1292 1074 1843 1686 1728 1673 1102 1994 1696 1064 1582 1256 1258 1831 1498 1547 1497 1679 1520 1050 1562 1286 1157 1323 1350 1690 1651 1694 1431 1570 1772 1718 1739 1609 1761 1507 1382 1987 1072 1393 1697 1355 1028 1258 1574 1388 1946 1616 1502 1944 1884 1586 1244 1806 1882 1741 1281 1927 1144 1769 1012 1065 1262 1644 1906 BCNSPRNW ULIB Ver.6.0+V

เปลี่ยนเป็นภาษาไทย

Change to English
 แสดงรายละเอียดบรรณานุกรม
  กลับหน้าหลัก

Brief Record : Get Marc (ISO 2709) : E-mail record : QR code < ปิดหน้าต่าง
LEADER : 00000nam 2200000uu 4500
001    13399127051
003     ULIB
008    191008s2562||||th 000 0 tha d
020    ^a9786168237045
060    ^aWS103^bส943ห
100    ^aเสาวภา พรจินดารักษ์
245    ^aหมีน้อยคิดเองทำเองเก่งจัง ชุดหมีน้อย...เก่งจัง (LI ITTLE BEAR LOVES TO EAT!)
250    ^aพิมพ์ครั้งที่ 1
260    ^aกรุงเทพฯ :^bสำนักพิมพ์ Happy Parenting,^c2562
300    ^a24 หน้า;^b21 ซม.
650    ^aเด็ก^xการเรียนการสอน
945    ^p135^l0^i006239
999    ^aประนอม เกษจรัล
รายการนี้ยังไม่มีแท็ก
คุณยังไม่ได้ล็อกอิน คุณสามารถมีกิจกรรมร่วมกับเว็บไซต์ได้ แต่ต้องล็อกอินก่อน ::
  ล็อกอิน

รายการสื่อสารสนเทศ

ลำดับที่ ประเภท เลขเรียก/บาร์โค้ด สถานที่ สถานะ
1. วิทยาศาสตร์การแพทย์ และสุขภาพ
วิทยาศาสตร์การแพทย์ และสุขภาพ
WS103 ส943ห ฉ.1 
  Barcode: 006239
ห้องสมุดวิทยาเขตสวรรค์ประชารักษ์
►หนังสือทั่วไป
บนชั้น

รายการใกล้เคียง
    ผู้แต่ง [เสาวภา พรจินดารักษ์]

BibComment


ยังไม่เคยถูกคอมเมนท์

คอมเมนท์ทรัพยากรรายการนี้
  คอมเมนท์: หมีน้อยคิดเองทำเ..


 Copyright 2026. Bcnsprnw @Library